| 000 | 01115cam a2200229 4500 | ||
|---|---|---|---|
| 001 | ABS68406 | ||
| 008 | 041118n2004 000 0 eng u | ||
| 035 | _a(Sirsi) u128039 | ||
| 100 | _aForster, A. | ||
| 245 | _aHot-lime mortars: a current perspective | ||
| 260 | _c2004 | ||
| 490 |
_aJournal of Architectural Conservation _v3(10) November 2004, 7-27(21) |
||
| 520 | _aHighlights current views on the use of hot-lime mortars and considers why hot-lime mortars appear to offer better performance than alternative lime mortars. The potential for altered hydraulic properties, bond characteristics between the lime/aggregate interface, pore-structure development and micro-structure performance are assessed, although it is stressed that this is only a preliminary investigation aimed at stimulating debate and further research. (Taken from article abstract). | ||
| 590 | _aABS | ||
| 590 | _aABS | ||
| 650 | _aLIME MORTARS | ||
| 650 | _aHISTORIC BUILDINGS | ||
| 650 | _aTRADITIONAL BUILDINGS | ||
| 650 | _aHOT-LIME MORTARS | ||
| 690 | _aBUILDING AND CONSTRUCTION-MATERIALS AND PRODUCTS | ||
| 942 | _n0 | ||
| 999 |
_c118334 _d118334 |
||